000 00559nam a2200181Ia 4500
001 20505
005 20260306172811.0
008 260306t2019||||xx |||||||||||||| ||spa||
041 _aESP
082 _a343.334
_bD44
100 _aDefensoría del Pueblo. Adjuntía para los Derechos de la Mujer
_eAUT
245 0 _aBasta de violencia contra niñas y mujeres:
_bjusticia sin indiferencia : memoria de las audiencias defensoriales 2019
260 _c2019
300 _a36 páginas :
_c21 cm.
650 _aGEN
654 _aCDE
942 _cLIB
_dJUS
_fJUS
_2ddc
_n
999 _c20505
_d20505